| 000 | 00894nas a2200325 4500 | ||
|---|---|---|---|
| 001 | BR2015006492 | ||
| 003 | BR-BrBNA | ||
| 005 | 20231205125914.0 | ||
| 007 | ta | ||
| 008 | 230509b bl.|||p| |||| 00| 00por d | ||
| 040 |
_aBR-BrBNA _bpor _cBiblioteca Nacional de Agricultura |
||
| 041 | _a(En) | ||
| 072 | _aH60; K10 | ||
| 100 | 1 | _aSantos Junior, A. | |
| 100 | 1 | _aSantos, L.D.T. | |
| 100 | 1 | _aFerreira, F.A. | |
| 100 | 1 | _aFerreira, L.R. | |
| 100 | 1 | _aFelix, R.C. | |
| 100 | 1 | _aAmaral, G.C. | |
| 100 | 1 | _aCruz, L.R. | |
| 245 | 1 | _aGlyphosate drift in eucalyptus plants | |
| 650 | _aEUCALIPTO | ||
| 650 | _aMADEIRA | ||
| 650 | _aPRODUÇÃO | ||
| 650 | _aHERBICIDA | ||
| 650 | _aCONTROLE QUÍMICO | ||
| 773 | 0 |
_tPlanta Daninha (Brazil) _xISSN 0100-8358 _g(Jul-Sep 2015), v. 33(3) p. 615-621 _wBR2015006492 |
|
| 909 |
_a202311 _bLúcia _c55 _dLúcia Elande |
||
| 942 |
_2AGRIS _n0 _cANA |
||
| 999 |
_c246813 _d246813 |
||